| 000 | 03100nam a22006017a 4500 | ||
|---|---|---|---|
| 001 | 000101178 | ||
| 003 | CHAP | ||
| 005 | 20220817044323.0 | ||
| 008 | 100301s2007 mx r 000|0 spa d | ||
| 010 | _a97641 | ||
| 011 | _a98613 | ||
| 020 | _a970-640-329-9 (v.15) | ||
| 020 | _a978-607-7360-82-1 (v.14) | ||
| 020 | _a978-607-7630-76-0 (v.12) | ||
| 020 | _a978-970-640-353-1 (v.1) | ||
| 020 | _a978-970-640-355-1 (v.4) | ||
| 020 | _a978-970-640-372-8 (v.5 Pte.1) | ||
| 020 | _a978-970-640-372-8 (v.5 Pte.2) | ||
| 020 | _a9789706403711 (v.6) | ||
| 035 | _a109298 | ||
| 040 | _cCHAP | ||
| 082 | 0 | 4 |
_a330.972 _bSi38 |
| 100 | 1 |
_aSilva Herzong, Jesús. _9106008 |
|
| 245 | 1 | 0 |
_aObras / _c/por Jesús Silvam Herzog. |
| 260 |
_aMéxico, D.F. : _bEl Colegio Nacional, _c2007-. |
||
| 300 |
_av. : _bilus., gráfs., tablas. |
||
| 410 | 2 | 1 | _aEl Colegio Nacional |
| 490 | 1 | _aObras de Jesús Silva Herzog | |
| 505 | 0 |
_aLa biblioteca tiene : _gv.1 México: primeros trabajos. -- v.4 Historia económica: historia y antología del pensamiento económico. antiguedad y edad media, Tres siglos de pensamiento económico (1518-1817). -- v.5 Pte.1 Pensamiento económico: historia del pensamiento económico-social de la antigüedad al siglo XVI, antología del pensamiento económico-social. I. bodino a proudhon; Pte.2 Pensamiento económico: antología del pensamiento económico-social. I. de Bodino a Proudhon. -- v.6 Socialismo. -- v.12 Historia de la expropiación petrolera: petróleo mexicano: historia de un problema, discursos y ensayos por el petróleo. -- v.14 Revolución mexicana: un ensayo sobre la revolución mexicana, trayectoria ideológica de la revolución mexicana 1910-1917, ensayos sobre la revolución mexicana. -- v.15 La cuestión agraria: el agrarismo mexicano y la reforma agraria. |
|
| 590 |
_aBATCH-UPD _b05 _c20161124 _lUCH01 _h1713 |
||
| 590 |
_aBATCH-UPD _b10 _c20130110 _lUCH01 _h1101 |
||
| 590 |
_aBATCH-UPD _b10 _c20130410 _lUCH01 _h0654 |
||
| 590 |
_aBATCH-UPD _b10 _c20130914 _lUCH01 _h1233 |
||
| 590 |
_aCONVERSION _b10 _c20130109 _lUCH01 _h1354 |
||
| 590 |
_aE6096MTM _b05 _c20141024 _lUCH01 _h1321 |
||
| 590 |
_aE6096MTM _b05 _c20141024 _lUCH01 _h1321 |
||
| 590 |
_aE6096MTM _b05 _c20141024 _lUCH01 _h1434 |
||
| 590 |
_aE6096MTM _b05 _c20141024 _lUCH01 _h1435 |
||
| 650 | 1 | 4 |
_aEconomía _xHistoria _xMéxico. _935245 |
| 650 | 1 | 4 |
_aMéxico _xCondiciones económicas. |
| 651 | 4 |
_aMéxico _xPolítica y gobierno. _976783 |
|
| 700 | 1 |
_aEnríquez Perea, Alberto _e, comp. _937050 |
|
| 810 | 2 |
_aEl Colegio Nacional _936119 |
|
| 830 | 0 |
_aObras de Jesús Silva Herzog _982544 |
|
| 901 | _aBK | ||
| 942 | _cLIBRO | ||
| 942 | _n0 | ||
| 949 |
_a330.972 Si38 _bBC _cLIBRO _d33724002106603 _eLIBRO _fv.1 _h111945 _i109298 _sb |
||
| 949 |
_a330.972 Si38 _bBC _cLIBRO _d33724002106926 _eLIBRO _fv.5 Pte.2 _h111948 _i109298 _sb |
||
| 949 |
_a330.972 Si38 _bBC _cLIBRO _d33724002107009 _eLIBRO _fv.6 _h111949 _i109298 _sb |
||
| 949 |
_a330.972 Si38 _bBC _cLIBRO _d33724002135876 _eLIBRO _fv.4 _h111946 _i109298 _sb |
||
| 949 |
_a330.972 Si38 _bBC _cLIBRO _d33724002135918 _eLIBRO _fv.5 Pte.1 _h111947 _i109298 _sb |
||
| 999 |
_c97641 _d97641 |
||